000 00656nam a2200241Ia 4500
003 OSt
005 20221007071645.0
006 a|||||r|||| 00| 0
007 ta
008 221006b |||||||| |||| 00| 0 eng d
024 _a25,227
037 _cTextual
040 _aFLL
_cFLL
_beng
041 _2eng
_aeng
082 _aZ3,5, M5
100 _aScanlan Gary
_9689153
245 0 _aCriminal law
260 _aLondon
_bFinancial Training Publications Limited UK
_c1985
300 _axxii,286p
_ccm.
700 _a Ryan Christopher
_9283867
942 _hZ3,5, M5
_cTEXL
_2CC
999 _c1143898
_d1143898